| Tag |
First Indicator |
Second Indicator |
Subfields |
| LEADER |
00000cam a2200000 4500 |
| 001 |
in00000039086 |
| 005 |
20151007081507.0 |
| 008 |
761216s1924 xx 00000 eng |
| 010 |
|
|
|a 24027736
|
| 035 |
|
|
|a (OCoLC)02629070
|
| 035 |
|
|
|9 AAF6470AM
|
| 040 |
|
|
|a DLC
|c OHI
|d TXA
|d UtOrBLW
|
| 049 |
|
|
|a TXAM
|c [27160]
|
| 050 |
0 |
0 |
|a HQ769
|b .C95
|
| 092 |
|
|
|a 173
|b C911r
|
| 100 |
1 |
|
|a Crawley, John.
|
| 245 |
1 |
0 |
|a Reveries of a father /
|c by John Crawley, preface by Angelo Patri.
|
| 264 |
|
1 |
|a New York :
|b D. Appleton and company,
|c 1924.
|
| 300 |
|
|
|a xi pages, 1 ., 91 pages, 1 unnumbered page ;
|c 19 1/2 cm.
|
| 336 |
|
|
|a text
|b txt
|2 rdacontent
|
| 337 |
|
|
|a unmediated
|b n
|2 rdamedia
|
| 338 |
|
|
|a volume
|b nc
|2 rdacarrier
|
| 650 |
|
0 |
|a Fathers.
|
| 650 |
|
0 |
|a Children.
|
| 999 |
|
|
|a MARS
|
| 999 |
f |
f |
|s c013ee2f-f700-3296-890f-d7a72747a1a2
|i f8088f76-3fb8-35f6-93bd-fdf79fd5f2b2
|t 0
|
| 952 |
f |
f |
|p ric
|a Texas A&M University
|b Rellis Campus
|c Joint Library Facility
|d Remote Storage
|t 0
|e HQ769 .C95
|h Library of Congress classification
|i unmediated -- volume
|m A14800534941
|
| 998 |
f |
f |
|a HQ769 .C95
|t 0
|l Remote Storage
|